000 00911nam a22002777a 4500
003 CHAP
005 20220329140513.0
008 971013s r 00010 d
010 _a52975
011 _a53947
035 _a58097
040 _cCHAP
090 _aR-1870
100 0 0 _aWarren, W. G.
_9121115
245 _aTrend in the sampling of forest populations
500 _aSobretiro de: Comarck, R.M., ed. Sampling biological populations. Fairland, Mary-Land International Co-operative Pub. (s.a.) pp. 329-54
590 _aBATCH-UPD
_b10
_c20130110
_lUCH01
_h0552
590 _aBATCH-UPD
_b10
_c20130410
_lUCH01
_h0234
590 _aBATCH-UPD
_b10
_c20130914
_lUCH01
_h1252
590 _aCONVERSION
_b10
_c20130109
_lUCH01
_h1329
650 1 4 _aEcologĂ­a forestal.
_935176
650 1 4 _aMuestreo estadĂ­stico.
_979288
901 _aBK
942 _cREIMP
949 _aR-1870
_bBC
_cR
_d-126187
_eTS1
_i58097
_si
999 _c52975
_d52975